Statistics for star wars vilians

Click here to take the quiz!

General Stats

  • This quiz has been taken 46 times
    (41 since last reset)
  • The average score is 11 of 31

Answer Stats

hintAnswer% Correct
apprenticedarth vader
86%
emperor/chancellorpalpatine
86%
dies in the sarlacc pitboba fett
82%
aboves generalcount dooku
79%
apprenticedarth maul
79%
evil bounty hunterjango fett
75%
battle droid leadergeneral grievous
68%
imperials grand moffgrand moff tarkin
57%
crime lordjabba the hutt
54%
clone commandercommander gree
50%
bounty hunter that got shot by han sologreedo
50%
evil podracersebulba
43%
destroyer of the rebel,s base on hothgeneral veers
29%
leader of rhe geonosianspoggle the lesser
29%
aboves assistantzam wessel
29%
bounty hunterbossk
25%
helper of above,s leadernute gunray
21%
imperial soldeirstormtrooper
21%
drivers of tie fighterstie pilot
21%
bounty hunter4-lom
18%
admiral of the imperialadmirral firmus piett
18%
clone commandercommander neyo
14%
bounty hunterdengar
14%
torture droid8d8
7%
imperial admiraladmiral ozzel
7%
driver of the at-at walkerat-at driver
7%
aboves comradeponda baba
7%
clone commandercommander kody
4%
wanted criminaldoctor evazan
4%
dweller on tatooinetusken raider
4%
commander of the avengercaptain needa
0%

Score Distribution

Percentile by Number Answered

Percent of People with Each Score

Your Score History

You have not taken this quiz since the last reset